A-league Quiz - Statistics

General Stats
  • This quiz has been taken 68 times
  • The average score is 10 of 12
Answer Stats
Hint Answer % Correct
I am considered the most successful club in the history having won 25 trophies across all domestic and international competitions Sydney FC
95%
I have the same owner as Manchester City. Melbourne City
93%
My rivals are Adelaide United. Melbourne Victory
93%
I was founded in 2018 as Western Melbourne. Western United
91%
My name was previously called 'Queensland Roar' Brisbane Roar
87%
I have won the FFA cup more than any other team. Adelaide United
85%
My stadium is in Gosford, Central Coast Central Coast Mariners
80%
I have played in two leagues, the NZF (New Zealand Football) and now the A-League. Wellington Phoenix
80%
My name clashed with the English Premier League club 'Newcastle United' Newcastle Jets
78%
I am the oldest club, formed in 1995. Perth Glory
76%
I am the first club to win the AFC champions league. Western Sydney Wanderers
75%
My first every match was December 30, 2020 against Western Sydney Wanderers. Macarthur Bulls FC
20%
No matching quizzes found
Score Distribution
Percent of People with Each Score
Percentile by Number Answered
Your Score History
You have not taken this quiz